00567nam a2200217Ia 4500003000400000005001700004008004100021020002200062040000700084041000800091082002100099100002600120245003300146250000600179260004100185300001600226365001300242440006000255650001600315650001800331OSt20230622162520.0210423s2012 xx 000 0 und d a978-81-265-1771-8 cAL aeng a519.2 223bBILP aBILLINGSLEY (Patrick) aProbability and measure Ed 3 a3 aNew DelhibWiley India Pvt Ltdc2012 axii,593bPB b949cINR aWiley series in probability and mathematical statistics aMathematics aProbabilities